00368pab a2200133 454500008004000000100001900040245006100059260000900120300001300129362000800142650003800150650002800188773001800216180718b2006 xxu||||| |||| 00| 0 eng d aPrasad, Chunnu aArunachal Pradesh as a factor in India - China relations c2006 ap.51-55. aMay aIndia - Foreign relations - China aInternational relations aThird Concept